Dieppe - Choix multiples - Statistiques

Statistiques générales
  • Ce quiz a été pris 49 fois
  • Le résultat moyen est 6 sur 10
Statistiques - réponses
Question Réponse % Correct
Quelle mer borde Dieppe ? La Manche
100%
Dans quelle région se situe Dieppe ? La Normandie
100%
Reconnaissez-vous Dieppe sur l'une de ces images ?
86%
Quelle spécialité culinaire dieppoise se présente sous la forme d'une soupe et d'un plat principal, proposé en deux services, à base de poissons, de mollusques et de crustacés ? La marmite dieppoise
72%
Quel ministre de Louis XIV donne son nom au pont tournant de Dieppe, inauguré en 1889, le dernier pont tournant d'Europe qui a conservé son mécanisme d'origine ? Jean-Baptiste Colbert
65%
Dans la province canadienne du Nouveau-Brunswick, une ville s'appelle également Dieppe. Pour quelle raison ? La ville a été rebaptisée Dieppe pour honorer la mémoire des soldats canadiens tués lors du débarquement de Dieppe du 19 août 1942.
58%
Quel est le surnom de Dieppe ? La ville aux quatre ports
58%
Quelle fleuve côtier se jette dans la précédente à Dieppe ? L'Arque
51%
Quel officier britannique commanda les opérations du désastreux débarquement allié sur Dieppe, le 19 août 1942 ? L'amiral Lord Louis Mountbatten
26%
Pour quel motif Thomas Plaimpel de Rouen a-t-il été guillotiné à Dieppe en 1794 ? Il était allé compléter sa formation mathématique à Londres et fut condamné comme émigré.
23%
Aucun quiz correspondant
Distribution des résultats
% des personnes avec chaque résultat
Percentile par nombre de réponses
Votre historique - résultats
Vous n’avez pas pris ce quiz